000 00318nam a22001337a 4500
008 170921b xxu||||| |||| 00| 0 eng d
020 _a9781563050510
041 _aeng
080 _a78
100 _a45
101 _aMUZ
245 _aTHE NPR GUIDE TO BUILDING A CLASSICAL CD COLLECTION
_cLIBBEY,T
942 _2udc
_cBK
999 _c28766
_d28766